000 01239nam a22000977a 4500
008 110620t xxu||||| |||| 00| 0 eng d
010 _aCourt Appeal Civil A[ppeal No. 44of 2000 Pamela Sabina M CACAF45
245 _aCourt Appeal Civil Appeal No.44 of 20000 Pamela Sabin Mbabazi VSHenry Mugish
260 _c2004
500 _3CORAM: HON. JUSTICE L.E.M. MUKASA -KIKONYOGO,DCJ HON. JUSTICE C.N.B. KITUMBA, JA. HON JUSTICE S.B.K.KAVUMA,JA.
_aAppeal from the judgment of the high court in matrimonial case No. 5/2000 at Kampala before justice Moses Mukiibi dated 4 april 2004
999 _c3363
_d3363